|
|
|
|
| LEADER |
00000cam a2200000 7i4500 |
| 001 |
0000049482 |
| 005 |
20091111.0 |
| 008 |
081202 eng |
| 020 |
|
|
|a 9832807352
|
| 090 |
0 |
0 |
|a JF SER
|
| 100 |
1 |
|
|a Kay G
|
| 245 |
1 |
0 |
|a How Can I Forgive Him?
|c Kay G
|
| 260 |
|
|
|a Selangor :
|b Penerbitan PCT Sdn.Bhd ,
|c 2004
|
| 300 |
|
|
|a 54p :
|b ill ;
|c 21cm.
|
| 650 |
0 |
0 |
|a Junior Fiction
|
| 999 |
|
|
|a 0000066088
|b Buku
|c Koleksi Pinjaman Kanak-Kanak
|e Perbadanan Perpustakaan Awam Melaka
|
| 999 |
|
|
|a 0000066089
|b Buku
|c Koleksi Pinjaman Kanak-Kanak
|e Perbadanan Perpustakaan Awam Melaka
|
| 999 |
|
|
|a 0000066090
|b Buku
|c Koleksi Pinjaman Kanak-Kanak
|e Perbadanan Perpustakaan Awam Melaka
|
| 999 |
|
|
|a 0000066091
|b Buku
|c Koleksi Pinjaman Kanak-Kanak
|e Perbadanan Perpustakaan Awam Melaka
|
| 999 |
|
|
|a 236645
|b Buku
|c Koleksi Pinjaman Kanak-Kanak
|e Perbadanan Perpustakaan Awam Melaka
|
| 999 |
|
|
|a 236646
|b Buku
|c Koleksi Pinjaman Kanak-Kanak
|e Perbadanan Perpustakaan Awam Melaka
|
| 999 |
|
|
|a 314219
|b Buku
|c Koleksi Pinjaman Kanak-Kanak
|e Perbadanan Perpustakaan Awam Melaka
|
| 999 |
|
|
|a 314220
|b Buku
|c Koleksi Pinjaman Kanak-Kanak
|e Perbadanan Perpustakaan Awam Melaka
|